Outliers in statistical data

Saved in:
Bibliographic Details
Main Author: Barnett, Vic
Other Authors: Lewis, Toby
Format: Book
Language:English
Published: Chichester : John Wiley and Sons, c1994
Edition:3rd ed.
Series:Wiley series in probability and mathematical statistics. Applied probability and statistics
Subjects:
Tags: Add Tag
No Tags, Be the first to tag this record!

MARC

LEADER 00000nam a2200000 i 4500
001 1/66590
008 940330s1994 eng d
020 |a 0-471-93094-6 
035 |l 10029847 
040 |a GR-MY-UA  |b gre  |e aacr 
041 0 |a eng 
082 0 |a 519.52 
100 1 |a Barnett, Vic. 
245 1 0 |a Outliers in statistical data /  |c Vic Barnett, Toby Lewis 
250 |a 3rd ed. 
260 |a Chichester :   |b John Wiley and Sons,   |c c1994 
300 |a xvii, 584 σ.;  |b εικ.;  |c 24 εκ. 
490 1 |a Wiley series in probability and mathematical statistics. Applied probability and statistics 
500 |a Περιέχει βιβλιογραφικές παραπομπές και ευρετήριο 
650 0 0 |a Outliers (Statistics) 
700 1 |a Lewis, Toby. 
830 0 |a Wiley series in probability and mathematical statistics. Applied probability and statistics 
852 |a INST  |b CHIOS  |e 19960131  |h 519.52 BAR  |p 005200003996  |q 005200003996  |t BK  |y 0 
852 |a INST  |b LESVOS  |e 19940330  |h 519.52 BAR  |p 005100006048  |q 005100006048  |t BK  |y 0 
852 |a INST  |b SAMOS  |e 20000608  |h 519.52 BAR  |p 005300019699  |q 005300019699  |t BK  |y 0 
901 |a BIBL3-2000-2 
909 |a Χ  |b 037459 
909 |a Λ  |b 035054 
909 |a Σ  |b 078709 
922 |a 3ΕΛΗ  |b 200005  |c ΚΠΣ  |d ΠΑΠΑΣΩΤΗΡΙΟΥ 
970 |a ΓΕΝΟΥΖΟΥ  |b ΧΡΥΣΑΝΘΗ  |z 2000/06/08